平成に消滅・改称した京都府の市町村 - Statistics

General Stats
  • This quiz has been taken 30 times
  • The average score is 18 of 24
Answer Stats
変更年月日 変更内容 回答 変更後の市町村 % Correct
1997.04/01 市名改称 田辺市 京田辺市
100%
2005.04/01 編入合併 京北町 京都市
95%
2006.01/01 新設合併 園部町 南丹市
95%
2007.03/12 新設合併 木津町 木津川市
95%
2006.01/01 新設合併 美山町 南丹市
91%
2004.04/01 新設合併 大宮町 京丹後市
82%
2006.01/01 編入合併 夜久野町 福知山市
82%
2007.03/12 新設合併 加茂町 木津川市
82%
2005.10/11 新設合併 丹波町 京丹波町
77%
2005.10/11 新設合併 和知町 京丹波町
77%
2006.01/01 新設合併 八木町 南丹市
77%
2004.04/01 新設合併 丹後町 京丹後市
73%
2004.04/01 新設合併 久美浜町 京丹後市
73%
2006.01/01 編入合併 大江町 福知山市
73%
2004.04/01 新設合併 網野町 京丹後市
68%
2006.01/01 新設合併 日吉町 南丹市
68%
2006.03/01 新設合併 加悦町 与謝野町
68%
2006.03/01 新設合併 岩滝町 与謝野町
68%
2004.04/01 新設合併 峰山町 京丹後市
64%
2005.10/11 新設合併 瑞穂町 京丹波町
64%
2006.03/01 新設合併 野田川町 与謝野町
59%
2004.04/01 新設合併 弥栄町 京丹後市
55%
2006.01/01 編入合併 三和町 福知山市
55%
2007.03/12 新設合併 山城町 木津川市
55%
No matching quizzes found
Score Distribution
Percent of People with Each Score
Percentile by Number Answered
Your Score History
You have not taken this quiz